| 000 | 00439nam a22001577a 4500 | ||
|---|---|---|---|
| 020 | _a0-07-019772-5 | ||
| 082 |
_a624.18341 _bEVE _cL-39, P-115 |
||
| 100 |
_aEverard, Noel J. _943197 |
||
| 245 | _aTheory and problems of reinforced concrete design. | ||
| 250 | _a3rd ed. | ||
| 260 |
_aUSA _bMcGraw- Hall |
||
| 300 |
_avii, 360 p. : _bill. : _c10 Cm |
||
| 526 |
_a0 _b0 _c0 _d624_183410000000000_EVE |
||
| 650 |
_aMCE _9379 |
||
| 942 |
_2ddc _cBK |
||
| 999 |
_c547000 _d547000 |
||